00389nam a22001337a 450000500170000002000220001703500110003903700130005010000260006324500810008925000120017026000490018230000240023120120427123920.0 a0074635786c00.00 aB-6918 aDPLbENG aDikshit, Ramesh Dutta aPolitical geography :bThe spatiality of politics /cby Ramesh Dutta Dikshit a3rd ed. aNew DelhibTata McGraw-Hill Publishingc2000 axxi, 288p.c26 cms.